| 000 | 00774nas a2200265 4500 | ||
|---|---|---|---|
| 001 | BR9201286 | ||
| 003 | BR-BrBNA | ||
| 005 | 20231205092359.0 | ||
| 007 | ta | ||
| 008 | 230509b bl.|||p| |||| 00| 00por d | ||
| 040 |
_aBR-BrBNA _bpor _cBiblioteca Nacional de Agricultura |
||
| 041 | _a(Pt) | ||
| 072 | _aL53 | ||
| 100 | 1 | _aBasile, J.R. | |
| 100 | 1 | _aManeira, L.R. | |
| 100 | 1 | _aScholl, A.E. | |
| 245 | 1 | _aAglutinacao de cabecas de espermatozoides em touro da raca nelore | |
| 650 | _aGADO NELORE | ||
| 650 | _aSEMEN | ||
| 650 | _aESPERMATOZOIDE | ||
| 650 | _aAGLUTINACAO | ||
| 773 | 0 |
_tRevista Brasileira de Reproducao Animal (Brazil) _xISSN 0102-0803 _g(1978), v. 2(1) p. 29-30 _wBR9201286 |
|
| 909 |
_a202311 _bLúcia _c55 _dLúcia Elande |
||
| 942 |
_2AGRIS _n0 _cANA |
||
| 999 |
_c131311 _d131311 |
||